| 000 | 00961nam a2200277Ia 4500 | ||
|---|---|---|---|
| 003 | OSt | ||
| 005 | 20221005111536.0 | ||
| 006 | a|||||r|||| 00| 0 | ||
| 007 | ta | ||
| 008 | 221004b |||||||| |||| 00| 0 hin d | ||
| 020 |
_a812601900X (pbk) _c25 |
||
| 024 | _a95504 | ||
| 037 |
_b542, 19/03/2009, Vani Prakashan _cTextual |
||
| 040 |
_aCRL _cCRL _bhin |
||
| 041 |
_2hin _ahin |
||
| 082 | _aO152,1K73:g, P4 | ||
| 100 | _aबोरा, राजकमल | ||
| 245 | 0 | _aभूषण | |
| 246 | _aBhūṣhaṇa | ||
| 260 |
_aनई दिल्ली _bसाहित्य अकादेमी भारत _c2004 |
||
| 300 |
_a122पृ0 _ccm. |
||
| 490 | _aभारतीय साहित्य के निर्माता | ||
| 650 | _aहिन्दी साहित्य | ||
| 942 |
_hO152,1K73:g, P4 _cTEXL _2cc |
||
| 999 |
_c1022132 _d1022132 |
||